LIBRARY & INFORMATION CENTRE, KCAET, TAVANUR

ONLINE PUBLIC ACCESS CATALOGUE (OPAC)

Career's General Knowledge Digest (Record no. 19368)

MARC details
000 -LEADER
fixed length control field 00399nam a22001577a 4500
003 - CONTROL NUMBER IDENTIFIER
control field OSt
008 - FIXED-LENGTH DATA ELEMENTS--GENERAL INFORMATION
fixed length control field 250213b |||||||| |||| 00| 0 eng d
041 ## - LANGUAGE CODE
Language code of text/sound track or separate title eng
082 ## - DEWEY DECIMAL CLASSIFICATION NUMBER
Classification number 028.702
Item number PHU / CA
100 ## - MAIN ENTRY--AUTHOR NAME
Personal name Phull, DS
245 ## - TITLE STATEMENT
Title Career's General Knowledge Digest
250 ## - EDITION STATEMENT
Edition statement 26th Revised and Enlarged
260 ## - PUBLICATION, DISTRIBUTION, ETC. (IMPRINT)
Place of publication Delhi:
Name of publisher Bright Careers Institute,
Year of publication 1997.
300 ## - PHYSICAL DESCRIPTION
Number of Pages 48p.
942 ## - ADDED ENTRY ELEMENTS (KOHA)
Koha item type Books
Holdings
Withdrawn status Lost status Damaged status Home library Current library Date acquired Cost, normal purchase price Full call number Accession Number Koha item type
      KAUAET KAUAET 13/02/2025 140.00 028.702 PHU / CA 19374 Books
free website counter